MONETE PRECENTI DEGLI STATI CHE HANNO ADOTTATO L'EURO - Statistics

Statistiche generali
  • Questo quiz è stato fatto 141 volte
  • Il punteggio medio è 11 su 20
Statistiche sulle risposte
PAESE MONETA % Corretto
ITALIA LIRA
99%
MALTA LIRA
99%
BELGIO FRANCO
87%
FRANCIA FRANCO
87%
LUSSEMBURGO FRANCO
87%
FINLANDIA MARCO
73%
GERMANIA MARCO
73%
CIPRO STERLINA
68%
IRLANDA STERLINA
68%
SPAGNA PESETA
61%
ESTONIA CORONA
58%
SLOVACCHIA CORONA
58%
GRECIA DRACMA
51%
AUSTRIA SCELLINO
45%
PAESI BASSI FIORINO
38%
CROAZIA KUNA
30%
PORTOGALLO SCUDO
22%
SLOVENIA TALLERO
14%
LITUANIA LITAS
6%
LETTONIA LATS
3%
Nessun quiz corrispondente trovato
Distribuzione punteggi
Percentuale di utenti per punteggio
Percentile per numero di risposta
I tuoi punteggi nel tempo
Non hai fatto questo quiz